History Chain Quiz #10 - Statistics

General Stats
  • This quiz has been taken 131 times
  • The average score is 7 of 15
Answer Stats
Clue Answer % Correct
First American president George Washington
89%
First human in space; ___ Gagarin Yuri
89%
The Romans called it Londinium London
80%
Indigenous Australians Aboriginals
66%
Author of The Three Musketeers Alexandre Dumas
57%
Proclaimed by the Balfour Declaration Israel
52%
Imperial Chinese dynasty Qing
42%
Popularised by Nietzsche Nihilism
38%
"Magnificent" Ottoman Suleiman
32%
People of the Aztec Empire Mexica
31%
Capital of the Khmer Empire Angkor
30%
Ancient African civilisation Nubia
25%
Second Estate Nobility
20%
Ancient Hindu epic Ramayana
12%
Last Inca Emperor Atahualpa
11%
No matching quizzes found
Score Distribution
Percent of People with Each Score
Percentile by Number Answered
Your Score History
You have not taken this quiz